000 00324nam a2200145 4500
003 macl
005 20170509131112.0
008 macl
040 _cmacl
100 _aChakrabarti Syamal
_965926
245 _aRailways and bengal economy
260 _aKolkata
_bArijit kumar
_c2011
650 _aEconomy
_967112
942 _2ddc
_cBK
999 _c56311
_d56311